000 00864nam a2200253 i 4500
001 105828
003 ES-MaACL
005 20250605114225.0
007 t|
008 060831s1953 fr ||||1| fre d
080 _a330.85(470)
080 _a32 Lenin, Vladimir Ilyich
080 _a32(470+571)"1917/21"
100 1 _aRosmer, Alfred.
_999790
245 1 0 _aMoscou sous Lénine :
_bles origines du communisme /
_cAlfred Rosmer ; préface par Albert Camus.
260 _aParis :
_bPierre Horay,
_c[1953]
300 _a316 p. ;
_c18 cm.
600 1 4 _aLenin, Vladimir Il'ich,
_d1870-1924
_971523
650 4 _aComunismo-
_zRusia.
_911225
651 _aRusia-
_xPolítica y gobierno-
_y1917-1921.
_9172456
700 1 _aCamus, Albert,
_d1913-1960
_9240798
852 _aES-MaACL
_jAND-644
_z- Biblioteca Juan Andrade
999 _c105828
_d105828